000 00739nas a2200241 4500
001 BR2012006052
003 BR-BrBNA
005 20231205120956.0
007 ta
008 230509b bl.|||p| |||| 00| 00por d
040 _aBR-BrBNA
_bpor
_cBiblioteca Nacional de Agricultura
041 _a(Pt)
072 _aF70
100 1 _aSoares, Z.F.
245 1 _aNota sobre as Boraginaceas da região de Porto Alegre e arredores
650 _aBORAGINACEAE
650 _aDICOTILEDÔNEA
650 _aDISTRIBUIÇÃO GEOGRÁFICA
650 _aRIO GRANDE DO SUL
773 0 _tIheriniga. Série Botânica (Brazil)
_xISSN 0073-4705
_g(Jul 1973), v. 17 p. 28-33
_wBR2012006052
909 _a202311
_bLúcia
_c55
_dLúcia Elande
942 _2AGRIS
_n0
_cANA
999 _c221265
_d221265